000 00328nam a2200145Ia 4500
008 200615s9999||||xx |||||||||||||| ||und||
020 _a9789385401367
082 _a620
_bSRE-R
100 _aR.K.RAJPUT
245 0 _aSRENTH OF MATERIALS
250 _a6TH
260 _anew delhi
_bS.CHAND
_c2017
300 _a940
942 _cBK
999 _c29502
_d29502